Languages - Sudden Death - Statistics

General Stats
  • This quiz has been taken 309 times
  • The average score is 8 of 16
Answers on the Grid
Answers color-coded by a green-red scale on the quiz's grid according to % correct below.
Swiss
Venda
British
Bislama
Austrian
Chibarwe
Belgian
Filipino
Brazillian
English
Dominican
Spanish
Indian
Tuvaluan
Iraqi
Kinyarwanda
Jamaican
Japanese
Egyptian
Portuguese
Moroccan
Maori
Nigerian
Italian
Pakistani
Ndebele
Yemeni
Arabic
Ethiopian
Zulu
Lebanese
Sinhala
 
Answer Stats
Answer % Correct
English
66%
Japanese
65%
Spanish
65%
Arabic
62%
Italian
62%
Portuguese
62%
Zulu
56%
Maori
55%
Kinyarwanda
40%
Sinhala
40%
Filipino
39%
Bislama
37%
Ndebele
36%
Tuvaluan
34%
Venda
34%
Chibarwe
28%
No matching quizzes found
Score Distribution
Percent of People with Each Score
Percentile by Number Answered
Your Score History
You have not taken this quiz